Новый метод определения потерь при испытании котельных агрегатов; Известия Томского политехнического института [Известия ТПИ]; Т. 89

Opis bibliograficzny
Parent link:Известия Томского политехнического института [Известия ТПИ]/ Томский политехнический институт (ТПИ).— , 1944-1976
Т. 89.— 1957.— [С. 59-62]
1. autor: Смиренский В. Н. Виктор Николаевич
Streszczenie:Заглавие с титульного листа
Электронная версия печатной публикации
Język:rosyjski
Wydane: 1957
Hasła przedmiotowe:
Dostęp online:http://www.lib.tpu.ru/fulltext/v/Bulletin_TPU/1957/v89/08.pdf
Format: MixedMaterials Elektroniczne Rozdział
KOHA link:https://koha.lib.tpu.ru/cgi-bin/koha/opac-detail.pl?biblionumber=189452

MARC

LEADER 00000nla2a2200000 4500
001 189452
005 20231101224215.0
035 |a (RuTPU)RU\TPU\book\205956 
035 |a RU\TPU\book\205955 
090 |a 189452 
100 |a 20101224d1957 k y0rusy50 ca 
101 0 |a rus 
102 |a RU 
135 |a drnn ---uucaa 
181 0 |a i  
182 0 |a b 
200 1 |a Новый метод определения потерь при испытании котельных агрегатов  |b Электронный ресурс  |f В. Н. Смиренский 
203 |a Текст  |c электронный 
215 |a 1 файл (165 Кб) 
230 |a Электронные текстовые данные (1 файл : 165 Кб) 
300 |a Заглавие с титульного листа 
300 |a Электронная версия печатной публикации 
320 |a [Библиогр.: с. 62 (2 назв.)] 
337 |a Adobe Reader 
461 1 |0 (RuTPU)RU\TPU\book\200995  |t Известия Томского политехнического института [Известия ТПИ]  |f Томский политехнический институт (ТПИ)  |d 1944-1976 
463 1 |0 (RuTPU)RU\TPU\book\205943  |t Т. 89  |v [С. 59-62]  |d 1957  |p 140 с. 
610 1 |a электронный ресурс 
610 1 |a труды учёных ТПУ 
700 1 |a Смиренский  |b В. Н.  |c выпускник МФ СТИ 1929 г.  |c преподаватель СТИ  |f 1901-?  |g Виктор Николаевич  |2 stltpush  |3 (RuTPU)RU\TPU\pers\23423  |9 10199 
801 1 |a RU  |b 63413507  |c 20090320  |g PSBO 
801 2 |a RU  |b 63413507  |c 20110923  |g PSBO 
856 4 |u http://www.lib.tpu.ru/fulltext/v/Bulletin_TPU/1957/v89/08.pdf 
942 |c CF